[Event "Regency Masters 6th"]
[Site "Ramsgate"]
[Date "1984.12.09"]
[Round "2"]
[White "Teichmann, Erik OMC"]
[Black "Duxbury, Craig"]
[Result "1-0"]
[WhiteElo "2285"]
[BlackElo "1950"]
[PlyCount "119"]
[EventDate "1984.12.08"]
[EventType "swiss"]
[EventRounds "9"]
[EventCountry "ENG"]
[SourceTitle "BritBase"]
[Source "John Saunders"]
[SourceDate "2020.09.07"]
[SourceVersion "1"]
[SourceVersionDate "2020.09.07"]
[SourceQuality "2"]

1. d4 d5 2. c4 Nc6 3. Nf3 Bg4 4. cxd5 Bxf3 5. dxc6 Bxc6 6. Nc3 e6 7. e4 Bb4 8.
f3 Qh4+ 9. g3 Qf6 10. Be3 O-O-O 11. Bd3 Ba5 12. O-O Bb6 13. Ne2 e5 14. Qd2 Ne7
15. d5 Qh6 16. f4 Bxd5 17. exd5 Nxd5 18. Bxb6 Qxb6+ 19. Kh1 e4 20. Bxe4 Ne3 21.
Qc3 Nxf1 22. Rxf1 Rhe8 23. Bf3 g6 24. Qc2 Qe3 25. Nc3 Rd2 26. Qc1 Qd3 27. f5
gxf5 28. Bg2 Re5 29. Bh3 Kb8 30. Bg2 h5 31. Nb1 Rc2 32. Qh6 Qe2 33. Rg1 a6 34.
Na3 Rcc5 35. b3 Re8 36. Qf6 Qe6 37. Qd4 Re5 38. Qb4 c6 39. Nc2 Qe7 40. Bxc6
Qxb4 41. Nxb4 Rc8 42. Bf3 a5 43. Nd5 Rc2 44. Nb6 Ka7 45. Nc4 Re6 46. a4 Rf2 47.
Bg2 Ree2 48. Nd6 f6 49. Nb5+ Kb6 50. Nc3 Rd2 51. Nd5+ Kc5 52. Nf4 Kb4 53. Rb1
b6 54. Kg1 h4 55. Nd3+ Rxd3 56. Kxf2 hxg3+ 57. hxg3 b5 58. Bf1 Rc3 59. Bxb5
Rc2+ 60. Kf3 1-0

[Event "Regency Masters 6th"]
[Site "Ramsgate"]
[Date "1984.12.10"]
[Round "3"]
[White "Ady, Jonathan James"]
[Black "Janssen, Han"]
[Result "1-0"]
[WhiteElo "2290"]
[BlackElo "2285"]
[PlyCount "85"]
[EventDate "1984.12.08"]
[EventType "swiss"]
[EventRounds "9"]
[EventCountry "ENG"]
[SourceTitle "BritBase"]
[Source "John Saunders"]
[SourceDate "2020.09.07"]
[SourceVersion "1"]
[SourceVersionDate "2020.09.07"]
[SourceQuality "2"]

1. e4 c5 2. Nf3 e6 3. d4 cxd4 4. Nxd4 Nc6 5. Nc3 Qc7 6. f4 a6 7. Be2 b5 8. Nxc6
Qxc6 9. Bf3 Bb7 10. e5 Qc7 11. Ne4 Nh6 12. Be3 Nf5 13. Bf2 h5 14. O-O Be7 15.
a4 O-O 16. axb5 axb5 17. Qd3 Bd5 18. Rxa8 Rxa8 19. Nf6+ gxf6 20. Bxd5 Ra4 21.
Be4 fxe5 22. Bxf5 exf5 23. fxe5 Qxe5 24. Qxd7 Re4 25. c3 Bd6 26. g3 h4 27. Bd4
Rxd4 28. cxd4 Qxd4+ 29. Rf2 Qd1+ 30. Kg2 Qd5+ 31. Kg1 h3 32. Qxf5 Be5 33. Qc8+
Kg7 34. Qg4+ Kf8 35. Qc8+ Ke7 36. Qc1 Bd4 37. Qc7+ Kf8 38. Qc8+ Kg7 39. Qg4+
Kf8 40. Qc8+ Kg7 41. Kf1 Qh1+ 42. Ke2 Qe4+ 43. Kf1 {Time} 1-0

[Event "Regency Masters 6th"]
[Site "Ramsgate"]
[Date "1984.12.10"]
[Round "3"]
[White "Blees, Albert"]
[Black "Gil Capape, Javier"]
[Result "1-0"]
[WhiteElo "2275"]
[BlackElo "2175"]
[PlyCount "73"]
[EventDate "1984.12.08"]
[EventType "swiss"]
[EventRounds "9"]
[EventCountry "ENG"]
[SourceTitle "BritBase"]
[Source "John Saunders"]
[SourceDate "2020.09.07"]
[SourceVersion "1"]
[SourceVersionDate "2020.09.07"]
[SourceQuality "2"]

1. d4 Nf6 2. c4 e6 3. Nc3 Bb4 4. e3 c5 5. Bd3 O-O 6. Nf3 Nc6 7. d5 Ne7 8. e4
Bxc3+ 9. bxc3 d6 10. Bg5 Ng6 11. h4 h6 12. h5 Ne5 13. Bh4 Qa5 14. Rc1 Nfd7 15.
Nxe5 dxe5 16. O-O Re8 17. Qd2 Qc7 18. Rce1 f6 19. Re3 Kh8 20. Rg3 exd5 21. cxd5
Qd6 22. Rg6 Kh7 23. f4 Rf8 24. fxe5 Nxe5 25. Bxf6 Rxf6 26. Rfxf6 Qxf6 27. Rxf6
gxf6 28. Bb5 a6 29. Be8 Bg4 30. Bg6+ Kg7 31. Qb2 b5 32. Qa3 b4 33. cxb4 c4 34.
b5 Rc8 35. Qe7+ Kg8 36. Qh7+ Kf8 37. d6 1-0

[Event "Regency Masters 6th"]
[Site "Ramsgate"]
[Date "1984.12.10"]
[Round "3"]
[White "De Boer, Gert Jan"]
[Black "Kosten, Anthony C"]
[Result "1/2-1/2"]
[WhiteElo "2335"]
[BlackElo "2420"]
[PlyCount "73"]
[EventDate "1984.12.08"]
[EventType "swiss"]
[EventRounds "9"]
[EventCountry "ENG"]
[SourceTitle "BritBase"]
[Source "John Saunders"]
[SourceDate "2020.09.07"]
[SourceVersion "1"]
[SourceVersionDate "2020.09.07"]
[SourceQuality "2"]

1. d4 Nf6 2. Nf3 b6 3. c4 e6 4. g3 Bb7 5. Bg2 Bb4+ 6. Bd2 c5 7. Bxb4 cxb4 8.
Nbd2 O-O 9. O-O d5 10. Rc1 a5 11. e3 Nbd7 12. Qe2 Qb8 13. Rfd1 Rc8 14. cxd5
Bxd5 15. e4 Bxa2 16. Ra1 b3 17. e5 Nd5 18. Ng5 Nf8 19. Qf3 Ra7 20. Nxb3 Nb4 21.
Nd2 Bd5 22. Qg4 Bxg2 23. Kxg2 Rc2 24. Nde4 Nd5 25. Kg1 Qa8 26. Ra3 h6 27. Nf3
Kh8 28. Nd6 Qc6 29. Nh4 Rc1 30. Rxc1 Qxc1+ 31. Kg2 Qxb2 32. Rf3 Qe2 33. Kh3 Kg8
34. Qh5 Nh7 35. Nxf7 Nf4+ 36. gxf4 Rxf7 37. Qg4 1/2-1/2

[Event "Regency Masters 6th"]
[Site "Ramsgate"]
[Date "1984.12.10"]
[Round "3"]
[White "Delanoy, Arnaud"]
[Black "Halpin, Patrick"]
[Result "1-0"]
[WhiteElo "2000"]
[BlackElo "2200"]
[PlyCount "93"]
[EventDate "1984.12.08"]
[EventType "swiss"]
[EventRounds "9"]
[EventCountry "ENG"]
[SourceTitle "BritBase"]
[Source "John Saunders"]
[SourceDate "2020.09.07"]
[SourceVersion "1"]
[SourceVersionDate "2020.09.07"]
[SourceQuality "2"]

1. d4 Nf6 2. c4 g6 3. Nc3 Bg7 4. e4 d6 5. f4 O-O 6. Nf3 c5 7. d5 e6 8. Be2 exd5
9. e5 Ng4 10. cxd5 dxe5 11. h3 e4 12. hxg4 exf3 13. gxf3 Re8 14. f5 Nd7 15. Bh6
Bxh6 16. Rxh6 Qg5 17. Qd2 Ne5 18. O-O-O Qxd2+ 19. Kxd2 gxf5 20. Rdh1 fxg4 21.
Ne4 Bf5 22. Nf6+ Kg7 23. Nxe8+ Rxe8 24. fxg4 Bg6 25. Kc3 Rd8 26. R6h2 Rxd5 27.
Rd1 Rxd1 28. Bxd1 Kf6 29. Rd2 Be4 30. Re2 Bc6 31. Rf2+ Kg7 32. Rd2 h6 33. Rd6
f6 34. Rd8 Be4 35. Rc8 Bc6 36. Bb3 Bf3 37. Rxc5 Nxg4 38. Bd5 Bxd5 39. Rxd5 Ne5
40. Kd4 Kg6 41. Rc5 h5 42. Rc7 b6 43. Ke4 h4 44. Rc8 Kg5 45. Rg8+ Ng6 46. Kf3
f5 47. Kg2 1-0

[Event "Regency Masters 6th"]
[Site "Ramsgate"]
[Date "1984.12.10"]
[Round "3"]
[White "Dunnington, Angus J"]
[Black "Singh, PK.."]
[Result "1-0"]
[WhiteElo "2325"]
[BlackElo "2260"]
[PlyCount "61"]
[EventDate "1984.12.08"]
[EventType "swiss"]
[EventRounds "9"]
[EventCountry "ENG"]
[SourceTitle "BritBase"]
[Source "John Saunders"]
[SourceDate "2020.09.07"]
[SourceVersion "1"]
[SourceVersionDate "2020.09.07"]
[SourceQuality "2"]

1. Nf3 Nf6 2. g3 d5 3. Bg2 e6 4. O-O Be7 5. d3 O-O 6. Nbd2 c5 7. e4 Nc6 8. Re1
dxe4 9. dxe4 e5 10. c3 Qc7 11. Qc2 Rd8 12. Nf1 h6 13. Ne3 Be6 14. Nh4 Bf8 15.
Rf1 Qd7 16. Rd1 Qc7 17. Nd5 Bxd5 18. exd5 Ne7 19. c4 Qd7 20. Re1 Qd6 21. b3 Nd7
22. Bb2 g6 23. f4 Bg7 24. Qe2 f6 25. Bh3 g5 26. Be6+ Kh8 27. fxg5 fxg5 28. Nf3
Ng6 29. Nxg5 Rf8 30. Ne4 Qe7 31. Qg4 1-0

[Event "Regency Masters 6th"]
[Site "Ramsgate"]
[Date "1984.12.10"]
[Round "3"]
[White "Duxbury, Craig"]
[Black "Reuben, Stewart"]
[Result "0-1"]
[WhiteElo "1950"]
[BlackElo "2050"]
[PlyCount "110"]
[EventDate "1984.12.08"]
[EventType "swiss"]
[EventRounds "9"]
[EventCountry "ENG"]
[SourceTitle "BritBase"]
[Source "John Saunders"]
[SourceDate "2020.09.07"]
[SourceVersion "1"]
[SourceVersionDate "2020.09.07"]
[SourceQuality "2"]

1. e4 c5 2. Nc3 Nc6 3. Bc4 e6 4. f4 d6 5. Nf3 Nf6 6. O-O Nxe4 7. Nxe4 d5 8. Bb5
dxe4 9. Ne5 Qd5 10. c4 Qd4+ 11. Kh1 Bd7 12. Qa4 Nxe5 13. fxe5 Bxb5 14. Qxb5+
Qd7 15. Qxd7+ Kxd7 16. Rxf7+ Be7 17. Kg1 g5 18. d3 Ke8 19. Rf1 exd3 20. Rd1 Rd8
21. b3 Rf8 22. Bb2 g4 23. Rf1 Bg5 24. Rxf8+ Kxf8 25. Kf2 Kf7 26. Rf1 Kg7 27.
Ke1 Rf8 28. Rxf8 Kxf8 29. a3 Kf7 30. b4 cxb4 31. axb4 a6 32. Bc3 Kg6 33. Bd2
Bd8 34. Kf2 Kf5 35. Ke3 Bg5+ 36. Kxd3 Bxd2 37. Kxd2 Kxe5 38. Ke3 b6 39. Kd3 a5
40. c5 axb4 41. cxb6 Kd6 42. Kc4 Kc6 43. Kxb4 Kxb6 44. Kc4 Kc6 45. Kd4 Kd6 46.
Ke4 e5 47. Kf5 Kd5 48. Kxg4 e4 49. Kg3 Kd4 50. Kf2 Kd3 51. g4 Kd2 52. h4 e3+
53. Kf3 e2 54. g5 e1=Q 55. h5 Qh4 0-1

[Event "Regency Masters 6th"]
[Site "Ramsgate"]
[Date "1984.12.10"]
[Round "3"]
[White "Forintos, Gyozo V"]
[Black "Peelen, Piet"]
[Result "1/2-1/2"]
[WhiteElo "2425"]
[BlackElo "2240"]
[PlyCount "92"]
[EventDate "1984.12.08"]
[EventType "swiss"]
[EventRounds "9"]
[EventCountry "ENG"]
[SourceTitle "BritBase"]
[Source "John Saunders"]
[SourceDate "2020.09.07"]
[SourceVersion "1"]
[SourceVersionDate "2020.09.07"]
[SourceQuality "2"]

1. d4 Nf6 2. c4 g6 3. Nc3 d5 4. Nf3 Bg7 5. Qb3 dxc4 6. Qxc4 O-O 7. e4 Bg4 8.
Bf4 c6 9. Be2 Nfd7 10. Rd1 Nb6 11. Qd3 N8d7 12. Qe3 Bxf3 13. Bxf3 e5 14. dxe5
Qe7 15. Be2 Nxe5 16. b3 Rad8 17. O-O Qb4 18. Bg5 Rxd1 19. Rxd1 Re8 20. Nb1 f6
21. Bh4 Nf7 22. f3 f5 23. Qd2 Qxd2 24. Nxd2 Bc3 25. Nb1 Bb4 26. Bd3 fxe4 27.
Bxe4 Nd6 28. Bd3 Bc5+ 29. Bf2 Bxf2+ 30. Kxf2 Nd5 31. a3 Kf7 32. Nd2 a6 33. g3
Re7 34. h4 Nc3 35. Rh1 h6 36. Rc1 Ncb5 37. a4 Nc7 38. Nc4 Nxc4 39. Bxc4+ Kf6
40. a5 Rd7 41. Rc2 Rd1 42. Rb2 Ra1 43. b4 Rd1 44. Ke2 Rd4 45. Rc2 Nd5 46. Bxd5
cxd5 1/2-1/2

[Event "Regency Masters 6th"]
[Site "Ramsgate"]
[Date "1984.12.10"]
[Round "3"]
[White "Hanreck, Alan E"]
[Black "Grooten, Herman"]
[Result "1-0"]
[WhiteElo "2275"]
[BlackElo "2310"]
[PlyCount "71"]
[EventDate "1984.12.08"]
[EventType "swiss"]
[EventRounds "9"]
[EventCountry "ENG"]
[SourceTitle "BritBase"]
[Source "John Saunders"]
[SourceDate "2020.09.07"]
[SourceVersion "1"]
[SourceVersionDate "2020.09.07"]
[SourceQuality "2"]

1. Nf3 Nf6 2. d4 e6 3. Bf4 b6 4. e3 Bb7 5. Be2 g6 6. h3 Bg7 7. O-O O-O 8. c4
Ne4 9. Nbd2 Nxd2 10. Qxd2 d6 11. Rfd1 Nd7 12. Rac1 a5 13. Qc2 f5 14. Bh2 Qe7
15. Qa4 Rf7 16. Qb5 g5 17. Ne1 Raf8 18. c5 dxc5 19. Bxc7 cxd4 20. Bh5 g4 21.
Bxf7+ Rxf7 22. hxg4 dxe3 23. fxe3 fxg4 24. Qh5 Nf6 25. Rd8+ Bf8 26. Qg5+ Rg7
27. Qh4 g3 28. Rb8 Ba6 29. Nf3 Rg4 30. Qh6 Ne8 31. Qh5 Nf6 32. Bd8 Qxd8 33.
Qxg4+ Nxg4 34. Rxd8 Nxe3 35. Rc7 Nd5 36. Ra7 1-0

[Event "Regency Masters 6th"]
[Site "Ramsgate"]
[Date "1984.12.10"]
[Round "3"]
[White "Hartoch, Robert"]
[Black "Crawley, Gavin"]
[Result "1/2-1/2"]
[WhiteElo "2365"]
[BlackElo "2300"]
[PlyCount "31"]
[EventDate "1984.12.08"]
[EventType "swiss"]
[EventRounds "9"]
[EventCountry "ENG"]
[SourceTitle "BritBase"]
[Source "John Saunders"]
[SourceDate "2020.09.07"]
[SourceVersion "1"]
[SourceVersionDate "2020.09.07"]
[SourceQuality "2"]

1. d4 Nf6 2. c4 e6 3. Nf3 d5 4. g3 dxc4 5. Bg2 c5 6. Qa4+ Bd7 7. Qxc4 Bc6 8.
O-O Nbd7 9. Bg5 cxd4 10. Nxd4 Bxg2 11. Kxg2 Be7 12. Nc3 O-O 13. Rfd1 Rc8 14.
Qa4 Qb6 15. Qb3 h6 16. Bxf6 1/2-1/2

[Event "Regency Masters 6th"]
[Site "Ramsgate"]
[Date "1984.12.10"]
[Round "3"]
[White "Hebden, Mark L"]
[Black "Jagerflod, Kent"]
[Result "1-0"]
[WhiteElo "2480"]
[BlackElo "1950"]
[PlyCount "135"]
[EventDate "1984.12.08"]
[EventType "swiss"]
[EventRounds "9"]
[EventCountry "ENG"]
[SourceTitle "BritBase"]
[Source "John Saunders"]
[SourceDate "2020.09.07"]
[SourceVersion "1"]
[SourceVersionDate "2020.09.07"]
[SourceQuality "2"]

1. e4 b6 2. d4 Bb7 3. Bd3 e6 4. Nf3 c5 5. c3 cxd4 6. cxd4 h6 7. O-O Nc6 8. Nc3
Nb4 9. Bb1 Nf6 10. Re1 Na6 11. a3 Nc7 12. d5 d6 13. dxe6 Nxe6 14. Nd4 Nxd4 15.
Qxd4 Be7 16. e5 dxe5 17. Qxe5 a6 18. Bf4 Ra7 19. Bg6 Bxg2 20. Bxf7+ Kxf7 21.
Qe6+ Kg6 22. Kxg2 Re8 23. Re3 Kh7 24. Rg3 Bf8 25. Qf5+ Kh8 26. Rd1 Qc8 27. Qxc8
Rxc8 28. Be5 Rf7 29. Rf3 Be7 30. Nd5 Rd8 31. Rdd3 b5 32. Nxe7 Rxd3 33. Rxd3
Rxe7 34. Bxf6 gxf6 35. Rd6 Kg7 36. Rxa6 Re2 37. b4 Re5 38. Rb6 Kg6 39. Kf3 Rf5+
40. Ke3 Re5+ 41. Kd4 Rf5 42. h4 Kh5 43. Ke4 Re5+ 44. Kf4 Kg6 45. f3 Rf5+ 46.
Kg4 h5+ 47. Kg3 Rd5 48. Rc6 Kf5 49. Rc5 Ke5 50. Rxd5+ Kxd5 51. Kf4 Kc4 52. Kf5
Kb3 53. Kg6 Kxa3 54. Kxh5 Kxb4 55. Kg4 f5+ 56. Kf4 Kc5 57. h5 b4 58. Ke3 Kc4
59. h6 f4+ 60. Kxf4 b3 61. h7 b2 62. h8=Q b1=Q 63. Qc8+ Kd4 64. Qd7+ Kc3 65.
Qc6+ Kd2 66. Qd6+ Kc3 67. Qc5+ Kd2 68. Qe3+ 1-0

[Event "Regency Masters 6th"]
[Site "Ramsgate"]
[Date "1984.12.10"]
[Round "3"]
[White "Hebert, Jean"]
[Black "Fuller, Maxwell L"]
[Result "1-0"]
[WhiteElo "2395"]
[BlackElo "2335"]
[PlyCount "77"]
[EventDate "1984.12.08"]
[EventType "swiss"]
[EventRounds "9"]
[EventCountry "ENG"]
[SourceTitle "BritBase"]
[Source "John Saunders"]
[SourceDate "2020.09.07"]
[SourceVersion "1"]
[SourceVersionDate "2020.09.07"]
[SourceQuality "2"]

1. d4 f5 2. g3 g6 3. Bg2 Nf6 4. c4 Bg7 5. Nc3 d6 6. d5 O-O 7. Nh3 Qe8 8. Nf4
Na6 9. h4 Bd7 10. h5 c6 11. hxg6 hxg6 12. Be3 Ng4 13. Bd4 Ne5 14. Rc1 c5 15.
Bxe5 dxe5 16. Nd3 e4 17. Nf4 Be5 18. Qd2 Kg7 19. Kd1 Rh8 20. Rxh8 Qxh8 21. Kc2
Kf7 22. Nh3 Qf6 23. Ng5+ Kg7 24. Rh1 Rh8 25. Rxh8 Kxh8 26. a3 Nc7 27. b4 b6 28.
f4 exf3 29. exf3 Bxg3 30. f4 Qd4 31. Qxd4+ cxd4 32. Ne2 Bf2 33. Kd3 e6 34. Nf7+
Kg7 35. Ne5 Ba4 36. d6 Nb5 37. cxb5 Bxb5+ 38. Nc4 Kf7 39. Nxd4 1-0

[Event "Regency Masters 6th"]
[Site "Ramsgate"]
[Date "1984.12.10"]
[Round "3"]
[White "Josephs, Ian"]
[Black "Renet, Olivier"]
[Result "0-1"]
[WhiteElo "1800"]
[BlackElo "2250"]
[PlyCount "38"]
[EventDate "1984.12.08"]
[EventType "swiss"]
[EventRounds "9"]
[EventCountry "ENG"]
[SourceTitle "BritBase"]
[Source "John Saunders"]
[SourceDate "2020.09.07"]
[SourceVersion "1"]
[SourceVersionDate "2020.09.07"]
[SourceQuality "2"]

1. e4 e6 2. d4 d5 3. Nc3 Bb4 4. a3 Bxc3+ 5. bxc3 dxe4 6. Qg4 Nf6 7. Qxg7 Rg8 8.
Qh6 Nbd7 9. Ne2 b6 10. Ng3 Bb7 11. Be2 Qe7 12. O-O O-O-O 13. Bg5 Rg6 14. Qh4
Rdg8 15. Bd2 h5 16. h3 Qd6 17. Bf4 Qc6 18. c4 e3 19. Bf3 exf2+ {Bulletin
indicates that 37 moves were played} 0-1

[Event "Regency Masters 6th"]
[Site "Ramsgate"]
[Date "1984.12.10"]
[Round "3"]
[White "King, Daniel J"]
[Black "Eslon, Jaan"]
[Result "1/2-1/2"]
[WhiteElo "2435"]
[BlackElo "2445"]
[PlyCount "103"]
[EventDate "1984.12.08"]
[EventType "swiss"]
[EventRounds "9"]
[EventCountry "ENG"]
[SourceTitle "BritBase"]
[Source "John Saunders"]
[SourceDate "2020.09.07"]
[SourceVersion "1"]
[SourceVersionDate "2020.09.07"]
[SourceQuality "2"]

1. e4 e5 2. Nf3 Nc6 3. Bb5 a6 4. Ba4 Nf6 5. O-O Be7 6. Re1 b5 7. Bb3 d6 8. a4
b4 9. d4 Bg4 10. dxe5 Nxe5 11. Nbd2 O-O 12. h3 Bh5 13. g4 Nxf3+ 14. Qxf3 Bg6
15. Nf1 Nd7 16. Qg2 Kh8 17. f4 f6 18. Be3 Nc5 19. Bd5 Rb8 20. Ng3 Bf7 21. Nf5
Bxd5 22. exd5 Re8 23. Nd4 Qd7 24. Nc6 Ra8 25. a5 b3 26. cxb3 f5 27. g5 Bf8 28.
b4 Nd3 29. Re2 Re4 30. Bd2 Rae8 31. Rxe4 fxe4 32. Be3 Qf5 33. Qg4 Qxd5 34. Qd7
Ra8 35. Rf1 Qb5 36. Qxc7 Nxb4 37. Nxb4 Qxb4 38. Qc3 Qb7 39. Rc1 Qd7 40. Kg2 Qf5
41. Kg3 Rb8 42. Bb6 h6 43. gxh6 Qg6+ 44. Kh2 Qxh6 45. Qg3 Be7 46. Qg4 d5 47.
Rc8+ Rxc8 48. Qxc8+ Kh7 49. Qf5+ g6 50. Qf7+ Qg7 51. Qxd5 Qxb2+ 52. Kg3 1/2-1/2

[Event "Regency Masters 6th"]
[Site "Ramsgate"]
[Date "1984.12.10"]
[Round "3"]
[White "Knoppert, Erik GJ"]
[Black "Lengyel, Levente"]
[Result "1/2-1/2"]
[WhiteElo "2260"]
[BlackElo "2400"]
[PlyCount "50"]
[EventDate "1984.12.08"]
[EventType "swiss"]
[EventRounds "9"]
[EventCountry "ENG"]
[SourceTitle "BritBase"]
[Source "John Saunders"]
[SourceDate "2020.09.07"]
[SourceVersion "1"]
[SourceVersionDate "2020.09.07"]
[SourceQuality "2"]

1. d4 Nf6 2. Nf3 e6 3. Bf4 c5 4. e3 d5 5. Nbd2 Qb6 6. Rb1 Nc6 7. c3 Be7 8. Bd3
O-O 9. O-O Bd7 10. Qe2 Rfd8 11. h3 Rac8 12. Ne5 Be8 13. Bg5 g6 14. f4 Kg7 15.
Qf2 Ng8 16. Bxe7 Ncxe7 17. g4 f6 18. Qf3 Bb5 19. dxc5 Rxc5 20. Bxb5 Qxb5 21.
Nb3 Rc4 22. Nd4 Qb6 23. f5 exf5 24. gxf5 Nxf5 25. Nxf5+ gxf5 1/2-1/2

[Event "Regency Masters 6th"]
[Site "Ramsgate"]
[Date "1984.12.10"]
[Round "3"]
[White "Littlewood, Paul E"]
[Black "Bosboom, Manuel"]
[Result "1-0"]
[WhiteElo "2435"]
[BlackElo "2380"]
[PlyCount "91"]
[EventDate "1984.12.08"]
[EventType "swiss"]
[EventRounds "9"]
[EventCountry "ENG"]
[SourceTitle "BritBase"]
[Source "John Saunders"]
[SourceDate "2020.09.07"]
[SourceVersion "1"]
[SourceVersionDate "2020.09.07"]
[SourceQuality "2"]

1. d4 Nf6 2. c4 c5 3. d5 b5 4. Nf3 d6 5. cxb5 a6 6. bxa6 Bxa6 7. Nc3 g6 8. e4
Bxf1 9. Kxf1 Bg7 10. g3 O-O 11. Kg2 Nbd7 12. Re1 Qa5 13. Re2 Rfb8 14. Rc2 Qa6
15. h3 Nb6 16. Ne1 Na4 17. Nxa4 Qxa4 18. f3 Ne8 19. Qe2 Nc7 20. Be3 Qb5 21. Qd2
Na6 22. a3 Qa4 23. Bh6 Bh8 24. Rd1 Rb3 25. Qe2 Rab8 26. Rdd2 Nc7 27. f4 Nb5 28.
Nf3 Nd4 29. Nxd4 Bxd4 30. f5 Qb5 31. Qxb5 R3xb5 32. b4 Ra8 33. Rc4 f6 34. a4
Rb7 35. b5 Rba7 36. b6 Rb7 37. a5 Kf7 38. Ra4 g5 39. Kf3 Ke8 40. h4 gxh4 41.
gxh4 Rxb6 42. Raxd4 Rxa5 43. R4d3 Ra1 44. Rg2 Kd7 45. Rdd2 Rh1 46. Ra2 1-0

[Event "Regency Masters 6th"]
[Site "Ramsgate"]
[Date "1984.12.10"]
[Round "3"]
[White "Martin, Andrew D"]
[Black "Grimberg, Gilbert"]
[Result "1-0"]
[WhiteElo "2445"]
[BlackElo "2225"]
[PlyCount "61"]
[EventDate "1984.12.08"]
[EventType "swiss"]
[EventRounds "9"]
[EventCountry "ENG"]
[SourceTitle "BritBase"]
[Source "John Saunders"]
[SourceDate "2020.09.07"]
[SourceVersion "1"]
[SourceVersionDate "2020.09.07"]
[SourceQuality "2"]

1. d4 Nf6 2. c4 c5 3. d5 b5 4. Nf3 bxc4 5. Nc3 d6 6. e4 Ba6 7. e5 dxe5 8. Nxe5
g6 9. Bxc4 Bxc4 10. Nxc4 Bg7 11. O-O O-O 12. Re1 Nbd7 13. Qb3 Rb8 14. Qa3 Rb4
15. Na5 Nb8 16. Be3 Qd6 17. h3 Nfd7 18. Rad1 Qa6 19. Bxc5 Nxc5 20. Qxb4 Nd3 21.
Rxd3 Qxd3 22. Nc6 Nxc6 23. dxc6 Bd4 24. Qxe7 Qd2 25. Rf1 Qxb2 26. Ne4 Qc2 27.
c7 Bb6 28. Nf6+ Kg7 29. Qe5 Kh8 30. Nh5+ f6 31. Qe7 1-0

[Event "Regency Masters 6th"]
[Site "Ramsgate"]
[Date "1984.12.10"]
[Round "3"]
[White "Mednis, Edmar J"]
[Black "Carlier, Bruno"]
[Result "1/2-1/2"]
[WhiteElo "2460"]
[BlackElo "2230"]
[PlyCount "124"]
[EventDate "1984.12.08"]
[EventType "swiss"]
[EventRounds "9"]
[EventCountry "ENG"]
[SourceTitle "BritBase"]
[Source "John Saunders"]
[SourceDate "2020.09.07"]
[SourceVersion "1"]
[SourceVersionDate "2020.09.07"]
[SourceQuality "2"]

1. c4 c5 2. Nf3 Nf6 3. g3 b6 4. Bg2 Bb7 5. O-O e6 6. Nc3 Be7 7. d4 cxd4 8. Qxd4
d6 9. b3 Nbd7 10. Rd1 a6 11. e4 Qb8 12. Ba3 Nc5 13. e5 dxe5 14. Qxe5 Ncd7 15.
Qxb8+ Rxb8 16. Bb2 O-O 17. Ne2 Rfd8 18. Nf4 Rbc8 19. Rac1 h6 20. Nd3 Be4 21.
Nfe5 Nxe5 22. Nxe5 Bc5 23. Kf1 Kf8 24. Bxe4 Nxe4 25. Nd7+ Kg8 26. Nxc5 Nxc5 27.
Ke2 f6 28. Bd4 Kf7 29. Be3 a5 30. f3 Ke7 31. g4 Rd6 32. Rxd6 Kxd6 33. Rd1+ Kc6
34. h4 Re8 35. h5 e5 36. Rd5 Ne6 37. Rd1 Nf4+ 38. Kf2 Ne6 39. Rd2 Nc7 40. Kg3
Rf8 41. f4 Re8 42. fxe5 fxe5 43. Kf3 e4+ {[This and the next moves are missing
from the bulletin score but I'm sure they are right - JS]} 44. Kg3 Re7 45. Rf2
Na6 46. Rf8 Nb4 47. Rb8 Rf7 48. Rxb6+ Kc7 49. Bc5 Nd3 50. Bd4 Rf3+ 51. Kh2 Nf4
52. Rb5 e3 53. Be5+ Kc6 54. Bxf4 Rxf4 55. Re5 Rxg4 56. Rxe3 Rg5 57. Re6+ Kc5
58. Rg6 Rxh5+ 59. Kg2 Re5 60. Rxg7 Re2+ 61. Kf3 Rxa2 62. Rb7 a4 1/2-1/2

[Event "Regency Masters 6th"]
[Site "Ramsgate"]
[Date "1984.12.10"]
[Round "3"]
[White "Nicholson, John G"]
[Black "Ravikumar, Vaidyanathan"]
[Result "1/2-1/2"]
[WhiteElo "2295"]
[BlackElo "2385"]
[PlyCount "37"]
[EventDate "1984.12.08"]
[EventType "swiss"]
[EventRounds "9"]
[EventCountry "ENG"]
[SourceTitle "BritBase"]
[Source "John Saunders"]
[SourceDate "2020.09.07"]
[SourceVersion "1"]
[SourceVersionDate "2020.09.07"]
[SourceQuality "2"]

1. e4 c5 2. Nf3 e6 3. d4 cxd4 4. Nxd4 a6 5. Bd3 Nf6 6. O-O d6 7. c4 g6 8. Nc3
Bg7 9. Be3 O-O 10. f3 b6 11. Qd2 Bb7 12. Rfd1 Qc7 13. Rac1 Nbd7 14. Bf1 Rfd8
15. Qf2 Rac8 16. b4 Ba8 17. Nb3 Qb8 18. Na4 Rc6 19. Nd4 1/2-1/2

[Event "Regency Masters 6th"]
[Site "Ramsgate"]
[Date "1984.12.10"]
[Round "3"]
[White "O'Leary, Matt"]
[Black "Robertson, M AUS.."]
[Result "0-1"]
[WhiteElo "2100"]
[BlackElo "2050"]
[PlyCount "110"]
[EventDate "1984.12.08"]
[EventType "swiss"]
[EventRounds "9"]
[EventCountry "ENG"]
[SourceTitle "BritBase"]
[Source "John Saunders"]
[SourceDate "2020.09.07"]
[SourceVersion "1"]
[SourceVersionDate "2020.09.07"]
[SourceQuality "2"]

1. d4 c5 2. d5 Nf6 3. Nf3 g6 4. g3 Bg7 5. Bg2 d6 6. O-O O-O 7. c4 b5 8. Nfd2
Nbd7 9. cxb5 a6 10. Nc3 axb5 11. Nxb5 Ba6 12. Nc3 Qb6 13. Qb3 Qa7 14. Re1 Rfb8
15. Qc2 Nb6 16. b3 Nfxd5 17. Bb2 Nb4 18. Qc1 Bb7 19. a3 N4d5 20. Nb5 Bxb2 21.
Qxb2 Qa5 22. a4 Bc6 23. Nc4 Nxc4 24. bxc4 Nb4 25. Bxc6 Nxc6 26. e4 Ne5 27. Qe2
Nd7 28. Reb1 Ra6 29. f4 Rba8 30. Qd3 Nf8 31. Nc3 Qd8 32. Rb7 Nd7 33. e5 Nb6 34.
Rd1 R8a7 35. Qe4 Nc8 36. e6 Rxb7 37. Qxb7 Ra7 38. Qe4 Nb6 39. f5 Qf8 40. Rf1 f6
41. Rf4 g5 42. Rf2 Nxa4 43. Nd5 Kg7 44. h4 h6 45. Ra2 Qa8 46. Qc2 Nb6 47. Rxa7
Qxa7 48. Ne3 Qa1+ 49. Kf2 h5 50. Qe2 Kh6 {... the rest of the score in the
bulletin is a little unclear but I think the following happens...} 51. g4 gxh4
52. gxh5 Qd4 53. Kf3 d5 54. Qh2 Qe4+ 55. Ke2 Nxc4 0-1